Štvorkajak obhajuje dva tituly ME v rýchlostnej kanoistike, Pontevedra 28.6.-1.7.2007

Bibliographic Details
Format: Article
Language:Slovak
PhysicalDescription:Fotogr.
ISSN:0139-7001
Subjects:

MARC

LEADER 00000nab a2200000 ar4500
001 vtls009005571
003 SK-MaSNL
005 20260303065706.0
008 060807c20070628xo wr|p|||||||000 b|slo
015 |a SNBRBL2007/07  |2 snkbucl 
038 |a SNKBUCL 
040 |a SNKBUCL  |b slo  |c SNKBUCL  |e AACR2 
041 0 |a slo 
044 |a xo  |c SK 
080 |a 797.212.2.093.1  |x (4)  |2 UDC-MRF-SK2 
245 0 0 |a Štvorkajak obhajuje dva tituly  |b ME v rýchlostnej kanoistike, Pontevedra 28.6.-1.7.2007 
300 |b Fotogr. 
611 2 7 |a Majstrovstvá Európy v rýchlostnej kanoistike  |d (2007 :  |c Pontevedra, Španielsko)  |2 snkbucl  |9 1066099 
650 0 7 |a rýchlostná kanoistika  |2 snkbucl  |9 23438 
773 0 |t Šport  |g Roč. 61, č. 148 (28.6.2007), s. 37  |x 0139-7001 
852 |a SNK  |b KIS3GCP 
999 |c 1752229  |d 1754159